[Event "OP-2023-0-05385"]
[Site "LSS email"]
[Date "2023.03.04"]
[Round "?"]
[White "Bendig, Frank"]
[Black "Pauk, Jozef"]
[Result "1-0"]
[WhiteElo "2047"]
[BlackElo "706"]
[PlyCount "47"]
[EventDate "2023.02.26"]
[EventType "tourn (corr)"]
[EventRounds "4"]
[EventCountry "GER"]
[SourceTitle "Corr 2024"]
[Source "ChessBase"]
[SourceDate "2023.10.19"]
[SourceVersion "1"]
[SourceVersionDate "2023.10.19"]
[SourceQuality "1"]

1. b4 e5 2. Bb2 Qf6 3. Nf3 d6 4. c4 b6 5. Qa4+ Bd7 6. b5 Nh6 7. g3 a6 8. Nc3 a5 9. Bg2 Na6 10. Qc2 Nb4 11. Qb3 Bf5 12. d3 Be7 13. a3 Nxd3+ 14. exd3 Be6 15. Nxe5 Ng4 16. Nxg4 Bxg4 17. Bxa8 0-0 18. Be4 Qh6 19. Nd5 Bg5 20. f4 Bd8 21. 0-0 Re8 22. Rae1 g6 23. Qc3 f6 24. Nxf6+ 1-0

[Event "OP-2023-0-05385"]
[Site "LSS email"]
[Date "2023.03.04"]
[Round "?"]
[White "Pauk, Jozef"]
[Black "Aragon, Jesus"]
[Result "1-0"]
[WhiteElo "706"]
[BlackElo "800"]
[PlyCount "27"]
[EventDate "2023.02.26"]
[EventType "tourn (corr)"]
[EventRounds "4"]
[EventCountry "GER"]
[SourceTitle "Corr 2024"]
[Source "ChessBase"]
[SourceDate "2023.10.19"]
[SourceVersion "1"]
[SourceVersionDate "2023.10.19"]
[SourceQuality "1"]

1. d4 d5 2. c4 c6 3. c5 e5 4. e3 Nd7 5. Nf3 e4 6. Nfd2 a5 7. a4 b6 8. Nc3 bxc5 9. Nb3 Ngf6 10. Be2 Bd6 11. 0-0 Qe7 12. f3 exf3 13. Bxf3 cxd4 14. exd4 1-0

[Event "OP-2023-0-05385"]
[Site "LSS email"]
[Date "2023.03.04"]
[Round "?"]
[White "Pauk, Jozef"]
[Black "Powers Jr, Kevincito"]
[Result "1-0"]
[WhiteElo "706"]
[BlackElo "1232"]
[PlyCount "23"]
[EventDate "2023.02.26"]
[EventType "tourn (corr)"]
[EventRounds "4"]
[EventCountry "GER"]
[SourceTitle "Corr 2024"]
[Source "ChessBase"]
[SourceDate "2023.10.19"]
[SourceVersion "1"]
[SourceVersionDate "2023.10.19"]
[SourceQuality "1"]

1. d4 e6 2. e4 d5 3. e5 c5 4. c3 Qb6 5. Nf3 Bd7 6. Na3 cxd4 7. Nxd4 Nc6 8. Nab5 Nxd4 9. Nxd4 Ne7 10. Be2 Nc6 11. f4 Nxd4 12. cxd4 1-0

[Event "OP-2023-0-05368"]
[Site "LSS email"]
[Date "2023.01.16"]
[Round "?"]
[White "Pauk, Jozef"]
[Black "Trevis, Robert"]
[Result "1-0"]
[WhiteElo "700"]
[BlackElo "267"]
[PlyCount "43"]
[EventDate "2022.12.31"]
[EventType "tourn (corr)"]
[EventRounds "4"]
[EventCountry "GER"]
[SourceTitle "Corr 2024"]
[Source "ChessBase"]
[SourceDate "2023.10.19"]
[SourceVersion "1"]
[SourceVersionDate "2023.10.19"]
[SourceQuality "1"]

1. d4 d5 2. Bf4 Nf6 3. e3 Ne4 4. f3 Bf5 5. g4 Bg6 6. c3 e6 7. Na3 Bd6 8. Bg2 Qh4+ 9. Ke2 Bxf4 10. fxe4 Qxg4+ 11. Bf3 Qg5 12. Nh3 Qh4 13. Nxf4 0-0 14. e5 Nd7 15. Nxg6 hxg6 16. Qd3 Qh3 17. Rag1 Nb6 18. Rg3 Qh6 19. h4 Na4 20. Qc2 Nb6 21. h5 gxh5 22. Rxh5 1-0

[Event "OP-2023-0-05368"]
[Site "LSS email"]
[Date "2023.01.15"]
[Round "?"]
[White "Swiatek, Janusz"]
[Black "Pauk, Jozef"]
[Result "1-0"]
[WhiteElo "2081"]
[BlackElo "700"]
[PlyCount "55"]
[EventDate "2022.12.31"]
[EventType "tourn (corr)"]
[EventRounds "4"]
[EventCountry "GER"]
[SourceTitle "Corr 2024"]
[Source "ChessBase"]
[SourceDate "2023.10.19"]
[SourceVersion "1"]
[SourceVersionDate "2023.10.19"]
[SourceQuality "1"]

1. d4 d5 2. c4 e6 3. Nc3 c6 4. e3 Bb4 5. Nf3 Nf6 6. Qc2 Ne4 7. a3 Qa5 8. Bd2 Bxc3 9. Bxc3 Nxc3 10. b4 Qd8 11. Qxc3 Bd7 12. c5 0-0 13. Bd3 Be8 14. a4 Nd7 15. 0-0 f5 16. b5 Bh5 17. Nd2 Rf6 18. a5 Rg6 19. a6 Qg5 20. g3 Nf6 21. axb7 Rb8 22. bxc6 Ne8 23. Rxa7 Nc7 24. Qa5 Qe7 25. Ra8 Qd8 26. Rxb8 Qxb8 27. Rb1 e5 28. Qxc7 1-0

[Event "OP-2022-0-05356"]
[Site "LSS email"]
[Date "2022.11.18"]
[Round "?"]
[White "Pauk, Jozef"]
[Black "Ventura, Bob"]
[Result "1/2-1/2"]
[WhiteElo "703"]
[BlackElo "832"]
[PlyCount "109"]
[EventDate "2022.11.14"]
[EventType "tourn (corr)"]
[EventRounds "4"]
[EventCountry "GER"]
[SourceTitle "Corr 2024"]
[Source "ChessBase"]
[SourceDate "2023.10.19"]
[SourceVersion "1"]
[SourceVersionDate "2023.10.19"]
[SourceQuality "1"]

1. d4 d5 2. h3 Nc6 3. e3 a6 4. Nf3 Nf6 5. c3 h6 6. Nbd2 Bf5 7. g4 Bh7 8. Nb3 e6 9. Ne5 Nxe5 10. dxe5 Nd7 11. c4 Nb6 12. c5 Na4 13. Qd4 Qd7 14. Bg2 c6 15. 0-0 b6 16. Qxa4 Bd3 17. Re1 b5 18. Qd4 Bh7 19. Bd2 Be7 20. Rf1 Bh4 21. Rad1 0-0 22. f4 f5 23. Be1 Bd8 24. e4 fxe4 25. Nd2 a5 26. Nb3 a4 27. Nd2 Kh8 28. Bxe4 g6 29. Bg2 Ba5 30. Ne4 Qe7 31. Nf6 Bxe1 32. Rdxe1 a3 33. b4 Qf7 34. Nxh7 Qxh7 35. f5 gxf5 36. gxf5 Rxf5 37. Rxf5 Qxf5 38. Rf1 Qg5 39. Rf4 Rg8 40. Qf2 Qxe5 41. Rf8 Qa1+ 42. Kh2 Qb2 43. Rxg8+ Kxg8 44. Qg3+ Kf7 45. Qf4+ Kg7 46. Qc7+ Kf6 47. Qf4+ Ke7 48. Qd6+ Kf6 49. Qf4+ Kg6 50. Qg3+ Kf7 51. Qf4+ Kg7 52. Qc7+ Kf6 53. Qd8+ Ke5 54. Qd6+ Kf6 55. Qf4+ 1/2-1/2

[Event "LSS No Engine Cup 230 Preliminary 0"]
[Site "LSS email"]
[Date "2022.10.08"]
[Round "?"]
[White "Khramkov, Alexey"]
[Black "Pauk, Jozef"]
[Result "1-0"]
[WhiteElo "1577"]
[BlackElo "1068"]
[PlyCount "59"]
[EventDate "2022.10.08"]
[EventType "tourn (corr)"]
[EventRounds "6"]
[EventCountry "GER"]
[SourceTitle "Corr 2024"]
[Source "ChessBase"]
[SourceDate "2023.10.19"]
[SourceVersion "1"]
[SourceVersionDate "2023.10.19"]
[SourceQuality "1"]

1. e4 e5 2. Nf3 d6 3. Bc4 Nf6 4. Nc3 a6 5. d3 c6 6. Bg5 Be7 7. a4 Qb6 8. Bb3 Ng4 9. 0-0 h5 10. Bxe7 Kxe7 11. Ng5 f6 12. a5 Qa7 13. Qf3 fxg5 14. Qf7+ Kd8 15. Qxg7 Re8 16. Qxg5+ Kc7 17. h3 Nxf2 18. Rxf2 Rf8 19. Qe7+ Nd7 20. Raf1 Rxf2 21. Rxf2 b5 22. Be6 Rb8 23. Kf1 Rb7 24. Rf7 Kb8 25. Qxd6+ Ka8 26. Qxc6 Kb8 27. Qd6+ Ka8 28. Nd5 b4 29. Bxd7 Bxd7 30. Nb6+ 1-0

[Event "OP-2022-0-05300"]
[Site "LSS email"]
[Date "2022.06.28"]
[Round "?"]
[White "Pauk, Jozef"]
[Black "Molina, Vicente Andres"]
[Result "0-1"]
[WhiteElo "620"]
[BlackElo "811"]
[PlyCount "70"]
[EventDate "2022.06.12"]
[EventType "tourn (corr)"]
[EventRounds "4"]
[EventCountry "GER"]
[SourceTitle "Corr 2024"]
[Source "ChessBase"]
[SourceDate "2023.10.19"]
[SourceVersion "1"]
[SourceVersionDate "2023.10.19"]
[SourceQuality "1"]

1. d4 Nf6 2. Bf4 d6 3. e3 g6 4. Nc3 Bg7 5. Bc4 0-0 6. Bg5 c6 7. Nge2 Nbd7 8. h4 b5 9. Bb3 a5 10. a4 b4 11. Nb1 Ba6 12. Ng3 Qc7 13. h5 e5 14. Nd2 Nd5 15. h6 Bh8 16. Nh5 gxh5 17. Rxh5 exd4 18. Qg4 f5 19. Qg3 f4 20. Bxf4+ Kf7 21. Rf5+ N7f6 22. Bxd6 Qd7 23. Rxf6+ Bxf6 24. Ne4 Rg8 25. Qf4 Qe6 26. Qf3 dxe3 27. fxe3 Rae8 28. Qh5+ Rg6 29. Qf3 Qxe4 30. Qh3 Qxg2 31. Bxd5+ cxd5 32. Qxg2 Rxg2 33. 0-0-0 Rc8 34. Rd2 Bxb2+ 35. Kd1 Rg1# 0-1

[Event "OP-2022-0-05300"]
[Site "LSS email"]
[Date "2022.06.28"]
[Round "?"]
[White "Pauk, Jozef"]
[Black "Swiatek, Janusz"]
[Result "0-1"]
[WhiteElo "620"]
[BlackElo "1996"]
[PlyCount "56"]
[EventDate "2022.06.12"]
[EventType "tourn (corr)"]
[EventRounds "4"]
[EventCountry "GER"]
[SourceTitle "Corr 2024"]
[Source "ChessBase"]
[SourceDate "2023.10.19"]
[SourceVersion "1"]
[SourceVersionDate "2023.10.19"]
[SourceQuality "1"]

1. d4 Nf6 2. Bf4 d5 3. e3 c5 4. dxc5 e6 5. b4 a5 6. c3 Nc6 7. Bb5 Bd7 8. Nd2 axb4 9. Bxc6 Bxc6 10. cxb4 Ba4 11. Qc1 b6 12. Ngf3 bxc5 13. bxc5 Rc8 14. 0-0 Bxc5 15. Qb2 0-0 16. Qe5 Nd7 17. Qh5 Bc2 18. Rac1 Ba3 19. Rce1 Bd3 20. Ng5 Bb4 21. e4 h6 22. Ngf3 Nf6 23. Qh3 dxe4 24. Qg3 Nh5 25. Qg4 exf3 26. Bxh6 fxg2 27. Qxg2 Bxf1 28. Re5 Bxg2 0-1

[Event "OP-2022-0-05298"]
[Site "LSS email"]
[Date "2022.06.11"]
[Round "?"]
[White "Cerne, Peter"]
[Black "Pauk, Jozef"]
[Result "1-0"]
[WhiteElo "1607"]
[BlackElo "620"]
[PlyCount "39"]
[EventDate "2022.06.06"]
[EventType "tourn (corr)"]
[EventRounds "4"]
[EventCountry "GER"]
[SourceTitle "Corr 2024"]
[Source "ChessBase"]
[SourceDate "2023.10.19"]
[SourceVersion "1"]
[SourceVersionDate "2023.10.19"]
[SourceQuality "1"]

1. e4 e5 2. Nf3 d6 3. d4 Bg4 4. dxe5 Nc6 5. exd6 Bxd6 6. h3 Bh5 7. Nc3 h6 8. Be3 Qe7 9. Bb5 Nf6 10. Qd4 0-0 11. Bxc6 bxc6 12. e5 Bxe5 13. Nxe5 Rad8 14. Nxc6 Rxd4 15. Nxe7+ Kh8 16. Bxd4 Re8 17. 0-0 Rxe7 18. Bxa7 Nd7 19. Rfe1 Ne5 20. Nd5 1-0

[Event "OP-2022-0-05260"]
[Site "LSS email"]
[Date "2022.02.21"]
[Round "?"]
[White "Heiser, Jerome"]
[Black "Pauk, Jozef"]
[Result "1/2-1/2"]
[WhiteElo "556"]
[BlackElo "579"]
[PlyCount "101"]
[EventDate "2022.02.21"]
[EventType "tourn (corr)"]
[EventRounds "4"]
[EventCountry "GER"]
[SourceTitle "Corr 2024"]
[Source "ChessBase"]
[SourceDate "2023.10.19"]
[SourceVersion "1"]
[SourceVersionDate "2023.10.19"]
[SourceQuality "1"]

1. e4 e5 2. Nf3 d6 3. h3 Nf6 4. Nc3 b6 5. d4 exd4 6. Qxd4 h6 7. Bc4 Be6 8. e5 c5 9. Qf4 dxe5 10. Nxe5 Bd6 11. Bxe6 Bxe5 12. Bxf7+ Kxf7 13. Qc4+ Kf8 14. 0-0 Nc6 15. a3 Bc7 16. Nb5 Ne5 17. Qe6 Rc8 18. Nxa7 Ra8 19. Nc6 Qe8 20. Qxe8+ Kxe8 21. Nxe5 Bxe5 22. Re1 Nd7 23. Bf4 Kf7 24. Bxe5 Rhe8 25. f4 Re6 26. Rad1 Nf8 27. Bc7 Ra4 28. g3 Rc6 29. Be5 Ng6 30. Rd7+ Ne7 31. Rd6 Ra7 32. Red1 Rxd6 33. Bxd6 Nf5 34. g4 Ne3 35. Rd2 Nc4 36. Bb8 Rb7 37. Rd8 Nxb2 38. Be5 Nc4 39. a4 Ra7 40. h4 Ne3 41. g5 Rxa4 42. gxh6 gxh6 43. h5 Ke7 44. Rd6 Ng4 45. Rxb6 Rc4 46. Rg6 Nxe5 47. fxe5 Rxc2 48. Rc6 c4 49. Kf1 Rc1+ 50. Ke2 c3 51. Rxh6 1/2-1/2

[Event "OP-2022-0-05260"]
[Site "LSS email"]
[Date "2022.02.21"]
[Round "?"]
[White "Koehler, Hans Christian"]
[Black "Pauk, Jozef"]
[Result "1-0"]
[WhiteElo "1394"]
[BlackElo "579"]
[PlyCount "61"]
[EventDate "2022.02.21"]
[EventType "tourn (corr)"]
[EventRounds "4"]
[EventCountry "GER"]
[SourceTitle "Corr 2024"]
[Source "ChessBase"]
[SourceDate "2023.10.19"]
[SourceVersion "1"]
[SourceVersionDate "2023.10.19"]
[SourceQuality "1"]

1. e4 e5 2. Nf3 d6 3. d4 Bg4 4. dxe5 Bxf3 5. gxf3 Nd7 6. exd6 Bxd6 7. Be3 Qf6 8. Be2 Qxb2 9. Bd4 Qb4+ 10. Qd2 Qa4 11. Bxg7 0-0-0 12. Bxh8 Ndf6 13. c3 Ba3 14. Qf4 Bb2 15. Bxf6 Nxf6 16. Qxf6 Bxa1 17. Qxf7 Qa5 18. Qf5+ Qxf5 19. exf5 Rf8 20. Bd3 Re8+ 21. Kd2 Re5 22. Re1 Rd5 23. Kc2 Ra5 24. Kb3 Rd5 25. Re8+ Kd7 26. Re3 Rd6 27. a3 Rb6+ 28. Ka2 Bb2 29. Re1 c5 30. f6 Bxc3 31. Nxc3 1-0

[Event "LSS No Engine Cup 225 Preliminary 0"]
[Site "LSS email"]
[Date "2022.02.02"]
[Round "?"]
[White "Pauk, Jozef"]
[Black "Henke, Simon"]
[Result "0-1"]
[WhiteElo "1075"]
[BlackElo "2134"]
[PlyCount "36"]
[EventDate "2022.02.02"]
[EventType "tourn (corr)"]
[EventRounds "6"]
[EventCountry "GER"]
[SourceTitle "Corr 2024"]
[Source "ChessBase"]
[SourceDate "2023.10.19"]
[SourceVersion "1"]
[SourceVersionDate "2023.10.19"]
[SourceQuality "1"]

1. Nf3 Nf6 2. c4 g6 3. h3 Bg7 4. e3 d6 5. g4 c5 6. Bg2 Nc6 7. Qa4 0-0 8. Ng5 Bd7 9. Qd1 d5 10. cxd5 Nb4 11. Na3 h6 12. Ne4 Nd3+ 13. Kf1 Nxd5 14. Nxc5 Nxc5 15. Bxd5 Ba4 16. Qf3 e6 17. Bc4 Bc6 18. d4 Bxf3 0-1

[Event "LSS No Engine Cup 222 Preliminary 0"]
[Site "LSS email"]
[Date "2021.10.23"]
[Round "?"]
[White "Aberbach Peltzman, Angel"]
[Black "Pauk, Jozef"]
[Result "1-0"]
[WhiteElo "1930"]
[BlackElo "1087"]
[PlyCount "37"]
[EventDate "2021.10.23"]
[EventType "tourn (corr)"]
[EventRounds "6"]
[EventCountry "GER"]
[SourceTitle "Corr 2024"]
[Source "ChessBase"]
[SourceDate "2023.10.19"]
[SourceVersion "1"]
[SourceVersionDate "2023.10.19"]
[SourceQuality "1"]

1. e4 e5 2. Nf3 Bd6 3. d4 Nc6 4. c3 a6 5. Bd3 exd4 6. cxd4 b5 7. 0-0 Bb7 8. Re1 h6 9. a3 Nf6 10. e5 Bxe5 11. dxe5 Nd5 12. Bc2 Nb6 13. Nc3 0-0 14. Qd3 g6 15. Bxh6 Re8 16. Bg5 Ne7 17. Bf6 Bxf3 18. Qxf3 c6 19. Qh3 1-0

[Event "OP-2021-0-05198"]
[Site "LSS email"]
[Date "2021.10.12"]
[Round "?"]
[White "Pauk, Jozef"]
[Black "Obrien, Glenn"]
[Result "0-1"]
[WhiteElo "637"]
[BlackElo "1281"]
[PlyCount "70"]
[EventDate "2021.10.09"]
[EventType "tourn (corr)"]
[EventRounds "4"]
[EventCountry "GER"]
[SourceTitle "Corr 2024"]
[Source "ChessBase"]
[SourceDate "2023.10.19"]
[SourceVersion "1"]
[SourceVersionDate "2023.10.19"]
[SourceQuality "1"]

1. Nf3 d5 2. d4 Nf6 3. Bf4 e6 4. c3 c5 5. e3 Nc6 6. Bb5 Bd7 7. Bxc6 Bxc6 8. Nbd2 cxd4 9. Nxd4 Bd6 10. Qe2 e5 11. Nxc6 bxc6 12. Bg5 0-0 13. e4 Qb6 14. 0-0 Qxb2 15. Bxf6 gxf6 16. Rfc1 Bc5 17. exd5 cxd5 18. Qd1 Rfd8 19. Rc2 Qb5 20. Rb1 Qa4 21. Nb3 Rac8 22. Nxc5 Rxc5 23. Rb4 Qa6 24. Qg4+ Kh8 25. Qh5 Qd3 26. Rc1 Rxc3 27. Rxc3 Qxc3 28. Rb1 Qd3 29. Rf1 Qg6 30. Qe2 d4 31. f4 d3 32. Qd2 e4 33. f5 Qg5 34. Qa5 Rg8 35. Qe1 Qxg2# 0-1

[Event "OP-2021-0-05194"]
[Site "LSS email"]
[Date "2021.10.03"]
[Round "?"]
[White "Martin, Hector"]
[Black "Pauk, Jozef"]
[Result "1-0"]
[WhiteElo "933"]
[BlackElo "626"]
[PlyCount "45"]
[EventDate "2021.10.02"]
[EventType "tourn (corr)"]
[EventRounds "4"]
[EventCountry "GER"]
[SourceTitle "Corr 2024"]
[Source "ChessBase"]
[SourceDate "2023.10.19"]
[SourceVersion "1"]
[SourceVersionDate "2023.10.19"]
[SourceQuality "1"]

1. e4 e5 2. Nf3 Nc6 3. Nc3 Bc5 4. g3 d6 5. Nd5 Nf6 6. Nxf6+ gxf6 7. Bg2 Be6 8. Nh4 Qd7 9. 0-0 Nd4 10. c3 Bg4 11. Nf3 0-0-0 12. cxd4 Bxd4 13. d3 h5 14. h4 Rhg8 15. Qe1 Bh3 16. Nxd4 exd4 17. Qa5 Kb8 18. Kh2 Bxg2 19. Kxg2 Rg6 20. Qxh5 Rdg8 21. Bf4 Rg4 22. Kf3 Qb5 23. Qxb5 1-0

[Event "OP-2021-0-05190"]
[Site "LSS email"]
[Date "2021.09.25"]
[Round "?"]
[White "Swiatek, Janusz"]
[Black "Pauk, Jozef"]
[Result "1-0"]
[WhiteElo "1533"]
[BlackElo "634"]
[PlyCount "29"]
[EventDate "2021.09.19"]
[EventType "tourn (corr)"]
[EventRounds "4"]
[EventCountry "GER"]
[SourceTitle "Corr 2024"]
[Source "ChessBase"]
[SourceDate "2023.10.19"]
[SourceVersion "1"]
[SourceVersionDate "2023.10.19"]
[SourceQuality "1"]

1. e4 e5 2. Nf3 Nc6 3. Bb5 Bc5 4. c3 Nce7 5. Nxe5 c6 6. d4 Bd6 7. Bc4 Bxe5 8. dxe5 b5 9. Bb3 c5 10. a4 Qa5 11. Na3 c4 12. Bxc4 bxc4 13. Nxc4 Qc7 14. Nd6+ Kf8 15. Qb3 1-0

[Event "LSS No Engine Cup 220 Preliminary 0"]
[Site "LSS email"]
[Date "2021.08.26"]
[Round "?"]
[White "Pauk, Jozef"]
[Black "Rivas Maceda, Juan"]
[Result "0-1"]
[WhiteElo "1091"]
[BlackElo "2244"]
[PlyCount "36"]
[EventDate "2021.08.26"]
[EventType "tourn (corr)"]
[EventRounds "6"]
[EventCountry "GER"]
[SourceTitle "Corr 2024"]
[Source "ChessBase"]
[SourceDate "2023.10.19"]
[SourceVersion "1"]
[SourceVersionDate "2023.10.19"]
[SourceQuality "1"]

1. d4 d5 2. Nf3 Nf6 3. Bf4 c5 4. dxc5 e6 5. b4 a5 6. Ne5 axb4 7. e3 Bxc5 8. Nd3 Be7 9. c3 Nc6 10. Ne5 0-0 11. g4 Qc7 12. Bb5 Nxe5 13. Bxe5 Qxe5 14. Qd3 bxc3 15. f4 c2 16. Nc3 Qc7 17. Qxc2 Ra3 18. Rc1 Rxc3 0-1

[Event "LSS No Engine Cup 220 Preliminary 0"]
[Site "LSS email"]
[Date "2021.08.26"]
[Round "?"]
[White "Sheers, Matthew"]
[Black "Pauk, Jozef"]
[Result "1-0"]
[WhiteElo "2271"]
[BlackElo "1091"]
[PlyCount "33"]
[EventDate "2021.08.26"]
[EventType "tourn (corr)"]
[EventRounds "6"]
[EventCountry "GER"]
[SourceTitle "Corr 2024"]
[Source "ChessBase"]
[SourceDate "2023.10.19"]
[SourceVersion "1"]
[SourceVersionDate "2023.10.19"]
[SourceQuality "1"]

1. d4 d5 2. Nf3 Bf5 3. c4 c6 4. Qb3 b6 5. cxd5 cxd5 6. Nc3 e6 7. e4 dxe4 8. Bb5+ Nd7 9. Ne5 Ngf6 10. g4 Bxg4 11. Nxe4 Nxe4 12. Bxd7+ Qxd7 13. Nxd7 Kxd7 14. Qa4+ Kc7 15. Rg1 Bh5 16. Qc2+ Kb7 17. Qxe4+ 1-0

[Event "OP-2021-0-05160"]
[Site "LSS email"]
[Date "2021.07.20"]
[Round "?"]
[White "Pauk, Jozef"]
[Black "Baltar, Antoni"]
[Result "0-1"]
[WhiteElo "598"]
[BlackElo "1395"]
[PlyCount "38"]
[EventDate "2021.06.28"]
[EventType "tourn (corr)"]
[EventRounds "4"]
[EventCountry "GER"]
[SourceTitle "Corr 2024"]
[Source "ChessBase"]
[SourceDate "2023.10.19"]
[SourceVersion "1"]
[SourceVersionDate "2023.10.19"]
[SourceQuality "1"]

1. e4 e5 2. Be2 Nf6 3. Nf3 d5 4. Nxe5 dxe4 5. Bc4 Bc5 6. Nxf7 Bxf2+ 7. Kxf2 Qd4+ 8. Ke1 Bg4 9. c3 Qxc4 10. Na3 Qa6 11. Nxh8 Bxd1 12. Kxd1 Ng4 13. Re1 Nf2+ 14. Kc2 Qd3+ 15. Kb3 Nd7 16. Re3 Nc5+ 17. Kb4 a5+ 18. Kxc5 Qd6+ 19. Kc4 Qe6+ 0-1

[Event "OP-2021-0-05160"]
[Site "LSS email"]
[Date "2021.07.04"]
[Round "?"]
[White "Pauk, Jozef"]
[Black "Swiatek, Janusz"]
[Result "0-1"]
[WhiteElo "598"]
[BlackElo "800"]
[PlyCount "50"]
[EventDate "2021.06.28"]
[EventType "tourn (corr)"]
[EventRounds "4"]
[EventCountry "GER"]
[SourceTitle "Corr 2024"]
[Source "ChessBase"]
[SourceDate "2023.10.19"]
[SourceVersion "1"]
[SourceVersionDate "2023.10.19"]
[SourceQuality "1"]

1. Nf3 d5 2. d4 Nf6 3. g3 c5 4. dxc5 e6 5. b4 a5 6. c3 axb4 7. cxb4 Nc6 8. a3 Nxb4 9. Bd2 Nc6 10. Bf4 Bxc5 11. Nc3 e5 12. Bxe5 Nxe5 13. Nxe5 Qc7 14. f4 Bb4 15. axb4 Qxc3+ 16. Kf2 Rxa1 17. Qd3 Qxb4 18. Kg2 Ra3 19. Qc2 0-0 20. h4 Ne4 21. Kh2 Qe1 22. Rg1 Qf2+ 23. Kh1 Nxg3+ 24. Rxg3 Rxg3 25. Nf3 Qxf1+ 0-1